Statistics for Contrade of Siena (with a map)

Click here to take the quiz!

General Stats

  • This quiz has been taken 53 times
  • The average score is 13 of 17

Answers on the Map

Answers color-coded by a green-red scale on the quiz's map according to % correct below.
 

Answer Stats

Third of Camollia% Correct
Lupa
89%
Giraffa
82%
Oca
82%
Aquila
79%
Istrice
79%
Onda
79%
Selva
79%
Torre
79%
Bruco
75%
Drago
75%
Leocorno
71%
Pantera
71%
Chiocciola
68%
Civetta
68%
Nicchio
68%
Valdimontone
68%
Tartuca
61%

Score Distribution

Percentile by Number Answered

Percent of People with Each Score

Your Score History

You have not taken this quiz